Statistics for Languages to Countries- Asia

Click here to take the quiz!

General Stats

  • This quiz has been taken 52 times
    (15 since last reset)
  • The average score is 29 of 31

Answer Stats

HintAnswer% Correct
ArmenianArmenia
100%
AzerbaijaniAzerbaijan
100%
MandarinChina
100%
GeorgianGeorgia
100%
HindiIndia
100%
IndonesianIndonesia
100%
HebrewIsrael
100%
JapaneseJapan
100%
KazakhKazakhstan
100%
KyrgyzKyrgyzstan
100%
MalayMalaysia
100%
MongolianMongolia
100%
BurmeseMyanmar
100%
NepaliNepal
100%
TurkishTurkey
100%
TurkmenTurkmenistan
100%
UzbekUzbekistan
100%
VietnameseVietnam
100%
ArabicYemen/Oman/Saudi Arabia/United Arab Emirates/Bahrain/Qatar/Kuwait/Iraq/Jordan/Palestine/Syria/Lebanon
100%
KhmerCambodia
93%
PersianIran
93%
LaoLaos
93%
TagalogPhilippines
93%
TajikTajikistan
93%
ThaiThailand
93%
UrduPakistan
80%
SinhalaSri Lanka
73%
DariAfghanistan
67%
DzongkhaBhutan
67%
TetumEast Timor
53%
DhivehiMaldives
53%

Score Distribution

Percentile by Number Answered

Percent of People with Each Score

Your Score History

You have not taken this quiz since the last reset